Nociones de economía política (Registro nro. 4184)

Detalles MARC
000 -LEADER
fixed length control field 01593 a2200217 4500
001 - CONTROL NUMBER
control field 46316
005 - DATE AND TIME OF LATEST TRANSACTION
control field 20260407155735.0
008 - FIXED-LENGTH DATA ELEMENTS--GENERAL INFORMATION
fixed length control field 260407a1992 arg spa d
003 - CONTROL NUMBER IDENTIFIER
control field AR-UNSa-BCEJYS
040 ## - CATALOGING SOURCE
Original cataloging agency AR-UNSa-BCEJYS
Language of cataloging spa
Transcribing agency AR-UNSa-BCEJYS
080 ## - UNIVERSAL DECIMAL CLASSIFICATION NUMBER
Universal Decimal Classification number 338.2
Common auxiliary subdivision Política económica. Control de la economía. Gestión de la economía. Planificación económica
020 ## - INTERNATIONAL STANDARD BOOK NUMBER
International Standard Book Number 978-950-572-108-5
100 1# - MAIN ENTRY--PERSONAL NAME
Personal name Burkún, Mario
245 10 - TITLE STATEMENT
Title Nociones de economía política
264 #1 - PRODUCTION, PUBLICATION, DISTRIBUTION, MANUFACTURE, AND COPYRIGHT NOTICE
Place of production, publication, distribution, manufacture Buenos Aires :
Name of producer, publisher, distributor, manufacturer Víctor P. de Zavalía
Date of production, publication, distribution, manufacture, or copyright notice 1992
300 ## - PHYSICAL DESCRIPTION
Extent 148 p.
Dimensions 20 cm.
505 ## - FORMATTED CONTENTS NOTE
Formatted contents note 1. El hombre y su entorno económico y social – 2. El principio de racionalidad – 3. El surgimiento de la Economía Política – 4. Los discursos económicos – 5. Los discursos económicos – 6. Los discursos económicos – 7. El circuito de producción – 8. El cálculo económico elemental – 9. Visión elemental sobre los precios (I) – 10. Visión elemental sobre los precios (II) – 11. Circuito de producción y relaciones sociales – 12. Nota introductoria al problema de la distribución – 13. Un modelo simple de economía agregada (I) – 14. Noción de excedente físico de producción – 15. Un modelo simple de economía agregada (II) – 16. Introducción a las cuentas nacionales o a la contabilidad social – 17. El dinero – 18. Salario – 19. Competencias y formas de competencias – 20. Estado y Planificación – 21. Economía internacional – 22. Acumulación y crisis.
590 ## - LOCAL NOTE (RLIN)
Local note niveau_biblio:m niveau_hierar:0
700 1# - ADDED ENTRY--PERSONAL NAME
Personal name Spagnolo, Alberto
942 ## - ADDED ENTRY ELEMENTS (KOHA)
Koha item type
Existencias
Withdrawn status Lost status Damaged status Not for loan Home library Current library Shelving location Date acquired Total checkouts Full call number Barcode Date last seen Price effective from Koha item type
        Biblioteca Prof. Eusebio Cleto del Rey Biblioteca Prof. Eusebio Cleto del Rey   07/04/2026   338.2 B959 L58847 07/04/2026 07/04/2026 Libro
        Biblioteca Prof. Eusebio Cleto del Rey Biblioteca Prof. Eusebio Cleto del Rey   07/04/2026   338.2 B959 L45649 07/04/2026 07/04/2026 Libro
        Biblioteca Prof. Eusebio Cleto del Rey Biblioteca Prof. Eusebio Cleto del Rey   07/04/2026   338.2 B959 L58846 07/04/2026 07/04/2026 Libro
        Biblioteca Prof. Eusebio Cleto del Rey Biblioteca Prof. Eusebio Cleto del Rey   07/04/2026   338.2 B959 L128302 07/04/2026 07/04/2026 Libro